Ladrões de Gado na Ponderosa (Record no. 44683)
[ view plain ]
| 000 -Etiqueta do registo | |
|---|---|
| Valores | 00516cam a22001931 04500 |
| 100 ## - Dados gerais de processamento | |
| Dados gerais | 19640501d1964 m y0pory5003 ba |
| 101 1# - Língua de publicação | |
| Língua | por |
| 102 ## - País de publicação | |
| País | PT |
| 200 1# - Titulo e menção de responsabilidade | |
| Título próprio | Ladrões de Gado na Ponderosa |
| Primeira menção de responsabilidade | Clark Carrados |
| Outras menções de responsabilidade | trad. José Diniz Zambujo |
| Título paralelo | Bonanza |
| 210 #9 - Publicação | |
| Local de publicação | Amadora |
| Nome do editor | Editorial Ibis, |
| Data de publicação | [1968] |
| 215 ## - Descrição física | |
| Paginação / Volumes | 107, [1] p. |
| 225 2# - Colecção | |
| Título próprio da colecção | Far West |
| Indicação de volume | 11 |
| 675 ## - CDU | |
| Notação | 860 |
| Edição | med |
| Língua | por |
| 700 #1 - Autor principal | |
| Apelido | Carrados, |
| Nome | Clark, |
| 702 #1 - Autor secundário | |
| Apelido | Santos, |
| Nome | Henrique |
| Função | 730 |
| 801 #0 - Fonte de origem | |
| País | PT |
| Agência | BN |
| Regras de catalogação | RPC |
| 990 ## - Elementos KOHA | |
| Tipo de documento | Livro |
| Aquisição | Empréstimo | Código de barras | Cota | Permissão de empréstimo | Tipo de documento |
|---|---|---|---|---|---|
| Biblioteca Municipal de Redondo | Biblioteca Municipal de Redondo | 054530 | 82-93 CAR | Livro |